[Event "World Senior Team ch 1st"]
[Site "Port Erin IOM"]
[Date "2004.10.12"]
[Round "8.4"]
[White "Goldstein, Anthony"]
[Black "Stepak, Yedael"]
[Result "0-1"]
[WhiteElo "1500"]
[BlackElo "2302"]
[PlyCount "68"]
[EventDate "2004.10.05"]
[EventType "team-swiss"]
[EventRounds "8"]
[EventCountry "ENG"]
[SourceDate "2014.04.29"]
[WhiteTeam "South Africa"]
[BlackTeam "Israel"]
[WhiteTeamCountry "RSA"]
[BlackTeamCountry "ISR"]

1. e4 c5 2. Nf3 e6 3. c4 Qc7 4. Nc3 a6 5. d4 cxd4 6. Nxd4 Nf6 7. a3 d6 8. Be2
Be7 9. O-O O-O 10. Be3 Nbd7 11. Rc1 b6 12. Bd3 Bb7 13. f4 Nc5 14. Qc2 Rac8 15.
Rf3 Nxd3 16. Qxd3 Qxc4 17. Qb1 Qc7 18. h3 Qb8 19. Rf2 Qa8 20. e5 dxe5 21. fxe5
Ne4 22. Nxe4 Bxe4 23. Rxc8 Rxc8 24. Qf1 Bg6 25. Nf3 b5 26. Ng5 Rf8 27. Qc1 h6
28. Nf3 Rc8 29. Qd2 Rd8 30. Qc3 Rd3 31. Qe1 Qe4 32. Re2 Qd5 33. Rd2 Be4 34. b4
Bxf3 0-1

[Event "World Senior Team ch 1st"]
[Site "Port Erin IOM"]
[Date "2004.10.12"]
[Round "8.4"]
[White "Illi, Hans-Joerg"]
[Black "Williams, Chris"]
[Result "1/2-1/2"]
[WhiteElo "2173"]
[BlackElo "1968"]
[PlyCount "22"]
[EventDate "2004.10.05"]
[EventType "team-swiss"]
[EventRounds "8"]
[EventCountry "ENG"]
[SourceDate "2014.04.29"]
[WhiteTeam "Switzerland"]
[BlackTeam "England II"]
[WhiteTeamCountry "SUI"]
[BlackTeamCountry "ENG"]

1. d4 d5 2. Nf3 Nf6 3. c3 g6 4. Bf4 Bg7 5. Nbd2 Nbd7 6. h3 b6 7. e3 Bb7 8. Be2
c5 9. O-O O-O {(=)} 10. Bh2 Rc8 11. Ne5 Ne8 1/2-1/2

[Event "World Senior Team ch 1st"]
[Site "Port Erin IOM"]
[Date "2004.10.12"]
[Round "8.4"]
[White "Malich, Burkhard"]
[Black "Smith, David"]
[Result "1-0"]
[WhiteElo "2360"]
[BlackElo "1728"]
[PlyCount "45"]
[EventDate "2004.10.05"]
[EventType "team-swiss"]
[EventRounds "8"]
[EventCountry "ENG"]
[SourceDate "2014.04.29"]
[WhiteTeam "Germany"]
[BlackTeam "Britain 3"]
[WhiteTeamCountry "GER"]
[BlackTeamCountry "GBR"]

1. d4 Nf6 2. Nf3 g6 3. c4 e6 4. Nc3 c5 5. e3 Bg7 6. Be2 O-O 7. O-O a6 8. dxc5
Qc7 9. e4 Qxc5 10. Be3 Qc7 11. Na4 Nc6 12. Nd2 d6 13. Rb1 Rb8 14. Nb6 Nd7 15.
Nxc8 Rbxc8 16. Re1 Nd4 17. Bf1 Nc5 18. b4 Nd7 19. a3 f5 20. Bxd4 Bxd4 21. Nf3
Bg7 22. exf5 exf5 23. Ng5 1-0

[Event "World Senior Team ch 1st"]
[Site "Port Erin IOM"]
[Date "2004.10.12"]
[Round "8.4"]
[White "Pipitone, Antonio"]
[Black "Heppinstall, Roy"]
[Result "1-0"]
[WhiteElo "2019"]
[BlackElo "1832"]
[PlyCount "63"]
[EventDate "2004.10.05"]
[EventType "team-swiss"]
[EventRounds "8"]
[EventCountry "ENG"]
[SourceDate "2014.04.29"]
[WhiteTeam "Italy"]
[BlackTeam "Essex"]
[WhiteTeamCountry "ITA"]
[BlackTeamCountry "ENG"]

1. e4 c6 2. d4 d5 3. Nc3 dxe4 4. Nxe4 Bf5 5. Ng3 Bg6 6. Nf3 Nd7 7. h4 h6 8. h5
Bh7 9. Bd3 Bxd3 10. Qxd3 e6 11. Bd2 Ngf6 12. O-O-O Be7 13. c4 O-O 14. Ne4 Nxe4
15. Qxe4 Nf6 16. Qe2 b5 17. c5 Qd5 {(=)} 18. Kb1 a5 19. Ne5 Rac8 20. Rh4 Nh7
21. Rg4 Ng5 22. Re1 f5 23. Ng6 Rf7 24. Nxe7+ Rxe7 25. Bxg5 hxg5 26. Rxg5 Qxd4
27. Rxf5 Rce8 28. Re5 Qf4 29. g3 Qf6 30. f4 Kf7 31. Qe4 Rc7 32. g4 1-0

[Event "World Senior Team ch 1st"]
[Site "Port Erin IOM"]
[Date "2004.10.12"]
[Round "8.4"]
[White "Wheeler, John"]
[Black "Hooper, Dennis"]
[Result "1-0"]
[WhiteElo "2209"]
[BlackElo "1184"]
[PlyCount "83"]
[EventDate "2004.10.05"]
[EventType "team-swiss"]
[EventRounds "8"]
[EventCountry "ENG"]
[SourceDate "2014.04.29"]
[WhiteTeam "England"]
[BlackTeam "Chessmann"]
[WhiteTeamCountry "ENG"]
[BlackTeamCountry "IOM"]

1. d4 Nf6 2. c4 g6 3. Nc3 Bg7 4. e4 d6 5. Be2 O-O 6. Bg5 c6 7. Qd2 Nbd7 8. Nf3
Qc7 9. O-O e5 10. Rfe1 Kh8 11. Rad1 Ng8 12. dxe5 dxe5 13. Qd6 Qxd6 14. Rxd6 Nc5
15. Be3 Ne6 16. h3 Bf6 17. Bf1 Be7 18. Rdd1 Ng7 19. Nxe5 Be6 20. Nf3 Rfd8 21.
Rxd8 Bxd8 22. Rd1 Bc7 23. Ng5 h6 24. Nxe6 Nxe6 25. g3 Be5 26. Ne2 h5 27. b3 Bf6
28. f4 Bg7 29. Bg2 Rd8 30. Rxd8 Nxd8 31. Bxa7 Ne6 32. Be3 Bf8 33. Kf2 c5 34. e5
b6 35. Nc3 Nd4 36. Nd5 Nf5 37. Nxb6 Nd4 38. Nd7 Be7 39. Bxd4 cxd4 40. c5 Bd8
41. b4 Ne7 42. b5 1-0

[Event "World Senior Team ch+ 1st"]
[Site "Port Erin IOM"]
[Date "2004.10.12"]
[Round "?"]
[White "Profaizer, Gino"]
[Black "Corish, Aidan"]
[Result "1/2-1/2"]
[WhiteElo "1990"]
[BlackElo "1864"]
[PlyCount "67"]
[EventDate "2004.10.05"]
[EventType "team"]
[EventRounds "8"]
[EventCountry "ENG"]
[SourceDate "2014.04.29"]
[WhiteTeamCountry "ENG"]
[BlackTeamCountry "IOM"]

1. d4 d5 2. c4 e6 3. cxd5 exd5 4. Nc3 Nf6 5. Qc2 Be7 6. Bf4 c6 7. e3 Bd6 8. Bg5
h6 9. Bh4 Nbd7 10. Bd3 Qe7 11. Nf3 Nb6 12. O-O O-O 13. e4 dxe4 14. Nxe4 Nbd5
15. Nxd6 Qxd6 16. a3 Be6 17. Bg3 Qd8 18. h3 Nh5 19. Bh2 Nhf4 20. Be4 Qc8 21.
Ne5 f6 22. Nc4 Qd7 23. Ne3 f5 24. Bf3 Nxe3 25. fxe3 Nd5 26. Rfe1 Nf6 27. Qc5
Bd5 28. Bxd5+ Qxd5 29. Qxd5+ Nxd5 30. e4 fxe4 31. Rxe4 Rad8 32. Rae1 Rd7 33.
Re6 Rff7 34. Be5 {(A friendly game between the two players not formally
involved in the Italy vs Essex match)} 1/2-1/2